| 000 | 01050cam a2200289 a 4500 | ||
|---|---|---|---|
| 001 | 2936 | ||
| 005 | 20240124135458.0 | ||
| 020 | _a9780763666439 | ||
| 040 |
_aDLC _cDLC _dIG# _dBAKER _dXY4 _dBTCTA _dDLC _beng |
||
| 050 | 0 | 0 |
_aPZ7.M84696 _b 2006 |
| 082 | 0 | 0 | _a813.6 |
| 100 | 1 | _aMoser, Lisa | |
| 245 | 0 | 4 |
_aThe monster in the backpack / _cLisa Moser ; illustrated by Noah Z. Jones. |
| 250 | _aFirst paperback edition in this format 2013 | ||
| 260 |
_aCambridge, Mass. : _bCandlewick Press, _c2006 |
||
| 300 |
_a36 pages : _bcolor illustrations ; _c24 cm. |
||
| 505 | _aJ | ||
| 520 | _aAnnie's new backpack comes with pink and blue flower decorations, a zipper, and a mischievous monster who manages to get her into all sorts of trouble at school. | ||
| 521 |
_a470
_bLexile |
||
| 521 |
_aJ
_bRaz-Plus |
||
| 650 | 1 |
_aMonsters _vFiction. |
|
| 650 | 1 |
_aBackpacks _vFiction. |
|
| 650 | 1 |
_aSchools _vFiction. |
|
| 700 | 1 |
_aJones, Noah _q(Noah Z.) _eillustrator |
|
| 906 |
_a7 _bcbc _corignew _d1 _eocip _f20 _gy-gencatlg |
||
| 942 |
_2ddc _cBK _n0 |
||
| 999 |
_c2936 _d2936 |
||